000 00231nam a2200109Ia 4500
100 _aWilson/ Harvey
942 _cRB
654 _aHand Book
245 _aTool Engineers Hand Book
260 _bMcGraw Hill
_c2001
546 _aENGLISH
999 _c20211
_d20211